| 000 | 01817nam a2200337 c 4500 | ||
|---|---|---|---|
| 999 |
_c153385 _d153385 |
||
| 003 | BLK | ||
| 005 | 20230411132259.0 | ||
| 008 | 180410b bul|||||r ||||||| ||bul|| | ||
| 010 | _aKNG00159915000 | ||
| 040 | _aBLK | ||
| 041 |
_aBUL _cBUL |
||
| 080 |
_aФренска литература _b821.133.1 _x-1 _z821.133.1-1 |
||
| 100 | 1 |
_aКретиен дьо Троа _eпърви автор _9256294 |
|
| 139 |
_aКретиен дьо Троа _bК 90 |
||
| 245 | 1 | 0 |
_aЛанселот, рицаря на каруцата _bРоман в стихове _cКретиен дьо Троа; прев. от старофр. Стефан Бъчваров; прев. от старофр. Валентин Маринов; прев. на стиховете Димитър Стефанов; предг. от Симеон Дончев Хаджикосев. |
| 257 | _aFRA | ||
| 260 |
_aСофия _bНар. култура _c1986 |
||
| 300 |
_a224 с. _c21 см |
||
| 380 | _aX | ||
| 490 |
_aБиблиотека за европейска средновековна литература Ариел _9204427 |
||
| 500 | _aОриг. загл. Lancelot ou le chevalier a la charrett / Chrestien de Troyes. | ||
| 700 | 1 |
_aБъчваров, Стефан _eпрев. от старофр. _9367371 |
|
| 700 | 1 |
_aМаринов, Валентин _eпрев. от старофр. _9364144 |
|
| 700 | 1 |
_aСтефанов, Димитър _eпрев. на стиховете _gБъчваров, Димитър Стефанов _9363780 |
|
| 700 | 1 |
_aХаджикосев, Симеон Дончев _eпредг. от _9363366 |
|
| 852 | _aЦб 142845 | ||
| 856 | 4 |
_qpdf _i0.00 _ldisable |
|
| 856 | 4 |
_qpdf _i0.00 _ldisable |
|
| 942 |
_cKNG _n0 _01 _s1 |
||
| 944 |
_aCR _c17.04.2014 _l17.04.2014 - от С1,Р / 17.04.2014 _kЕва_Петрова |
||
| 944 |
_aED _c01.03.2018 _l17.04.2014 - от С1,Р / 17.04.2014 _kТеодора_Стоянова |
||
| 999 | _d153385 | ||